Chanteurs et musiciens en D (par images). - Statistiques

Statistiques générales
  • Ce quiz a été pris 688 fois
  • Le résultat moyen est 11 sur 20
Statistiques - réponses
Par images Réponse % Correct
Céline Dion
98%
Daft Punk
97%
Diam's
91%
Drake
87%
Damso
81%
DJ Snake
73%
Dalida
70%
Dadju
69%
Dave
66%
DJ Khaled
57%
Joe Dassin
53%
Desireless
49%
Etienne Daho
37%
The Doors
36%
Dr. Dre
35%
Dorothée
34%
Bob Dylan
28%
Depeche Mode
18%
Michel Delpech
16%
Roger Daltry
3%
Aucun quiz correspondant
Distribution des résultats
% des personnes avec chaque résultat
Percentile par nombre de réponses
Votre historique - résultats
Vous n’avez pas pris ce quiz